| 000 | 00712nam a2200205 i 4500 | ||
|---|---|---|---|
| 001 | 82441 | ||
| 003 | ES-MaACL | ||
| 005 | 20251009195331.0 | ||
| 007 | t| | ||
| 008 | 041110s1965 sp ||||1| val d | ||
| 100 | 1 |
_aIbars Ibars, María. _964978 |
|
| 245 | 1 | 2 |
_aL'ultim serv _b: a l'ombra del Montgó (novel-la social) / _cMaria Ibars i Ibars ; illustracions d'Antoni Ferrer ; fotogravats de Vilaseca. |
| 260 |
_aValencia : _b[s.n.], _c1965. |
||
| 300 |
_a222 p., 1 lám. ; _c20 cm. |
||
| 490 | 1 |
_aSicania. Novel-la social ; _v24 |
|
| 700 | 1 |
_aFerrer, Antonio, _dn. 1899 _9161893 |
|
| 830 | 0 |
_aSicania. Novel-la social ; _v24 _9231594 |
|
| 852 |
_aES-MaACL _jC-27276 _bR.56522 |
||
| 999 |
_c82441 _d82441 |
||